[Event "EU-Cup 25th"]
[Site "Ohrid"]
[Date "2009.10.10"]
[Round "7.1"]
[White "Svidler, Peter"]
[Black "Motylev, Alexander"]
[Result "1-0"]
[WhiteElo "2741"]
[BlackElo "2710"]
[Annotator "Ftacnik,L"]
[PlyCount "79"]
[EventDate "2009.10.04"]
[EventType "team-swiss"]
[EventRounds "7"]
[EventCountry "MKD"]
[SourceTitle "CBM 133"]
[Source "ChessBase"]
[SourceDate "2009.11.19"]
[SourceVersion "1"]
[SourceVersionDate "2009.11.19"]
[SourceQuality "1"]
[WhiteTeam "St Petersburg"]
[BlackTeam "Tomsk 400"]
[WhiteTeamCountry "RUS"]
[BlackTeamCountry "RUS"]

1. e4 e5 2. Nf3 Nf6 3. Nxe5 d6 4. Nf3 Nxe4 5. d4 d5 6. Bd3 Nc6 7. O-O Be7 8.
Nc3 Nxc3 9. bxc3 {This version of the Petroff Defence enjoys great popularity.
White supports his centre, opens the b-file and retains chances for active
play in the middlegame.} Bg4 10. Re1 O-O 11. Bf4 Rb8 12. h3 Bh5 13. Re3 Bd6 14.
Bxd6 Qxd6 15. Rb1 f6 (15... f5 16. Qe2 (16. Qe1 $5) 16... Rf6 17. Re1 f4 18.
Re6 Rxe6 19. Qxe6+ Qxe6 20. Rxe6 Bxf3 21. gxf3 Kf7 22. Re1 g6 $15 {1/2-1/2
Brkic,A (2521)-Huzman,A (2602)/Plovdiv 2008 (33)}) 16. c4 $1 {Svidler improves
on Topalov's play with an active blow in the centre.} (16. Qd2 Rfe8 17. Nh4
Rxe3 18. Qxe3 Re8 19. Qd2 Nd8 20. Nf5 Qd7 21. Qf4 Bg6 22. h4 Kh8 23. Qg4 Qf7
24. Qf3 b6 $11 {1/2-1/2 Topalov,V (2780)-Kramnik,V (2799)/Nice 2008 (38)})
16... dxc4 (16... Ne7 17. Qd2 Rfe8 18. Rbe1 $14) 17. Bxc4+ Kh8 {The game will
turn into a failed exercise by Black in damage limitation. It would have been
better to strive for an exchange of bishops.} (17... Bf7 $5 18. Qe2 (18. Qd3
Nb4 19. Bxf7+ Rxf7 20. Qa3 Nd5 21. Qxa7 Rff8 22. Ree1 b5 23. Qc5 $14) 18...
Nxd4 19. Bxf7+ Rxf7 20. Nxd4 Qxd4 21. Rxb7 Rbf8 22. Ra3 c6 $14) 18. c3 Rfe8 $6
(18... a6 19. a4 Na5 20. Bd3 $14) 19. Ng5 $1 Bg6 (19... Bxd1 $2 20. Nf7+ Kg8
21. Nxd6+ $18) (19... fxg5 20. Qxh5 Rxe3 21. fxe3 Qe7 22. Qe2 $16) 20. Rxe8+
Rxe8 $6 {There is a limit to the number of inaccuracies a defender can make
before his position turns from unpleasant to difficult. Svidler will enjoy the
simple advantage of a stronger bishop against the knight.} (20... Bxe8 21. Ne4
(21. Nf7+ Bxf7 22. Bxf7 g6 $14) 21... Qe7 22. Bd3 Bg6 23. Ng3 b6 $14) 21. Nf7+
Bxf7 22. Bxf7 Rf8 (22... Re7 23. Qh5 Nd8 24. Bg6 h6 25. Bd3 Kg8 26. Qa5 a6 27.
Qf5 $16) 23. Bc4 (23. Qh5 $1 Ne7 (23... f5 24. Re1 Qa3 25. Bb3 Na5 26. Qe8 Nxb3
27. axb3 h6 28. Qb5 $16) 24. Qb5 b6 25. Bc4 $16) 23... Na5 24. Bd3 g6 25. Qe2 (
25. h4 $5 b6 26. h5 Kg7 27. Qg4 f5 28. Qg5 c5 29. Re1 $16) 25... Kg7 {It must
be danerous for Motylev to neglect the plight of his poor displaced knight on
a5. In next few moves his full atention is focussed on the kingside.} (25...
Rd8 26. Bc2 Rd7 27. Re1 Kg7 28. h4 Nc6 $14) 26. h4 $1 Rf7 (26... b6 27. Rd1 (
27. h5 c5 $132) 27... Qd5 28. g3 $14) 27. h5 Re7 28. Qg4 Qe6 29. Qg3 Qf7 $2 {
We are sometimes amazed, how resilient are some chess positions despite all
the human inaccuracies. Black could have fought on with some success after the
centralisation of the black queen. The passive queen retreat is one concession
too many.} (29... Qd6 $1 30. f4 (30. Qh4 Qe6 31. a3 b6 $14) 30... Qe6 31. hxg6
Qe3+ 32. Qxe3 Rxe3 33. Rd1 hxg6 34. Kf2 Re6 $14) 30. Rb5 b6 31. hxg6 hxg6 32.
Rh5 $1 {[%mdl 2048] Svidler has managed to concentrate all his forces into a
coordinated kingside attack with devastating effect.} Re8 (32... Nb7 33. Rh4 f5
34. Qh3 Qf8 (34... Qg8 35. Bxf5 $18) 35. Bc4 Re1+ 36. Kh2 Nd6 37. Bd5 $18) 33.
Rh3 f5 (33... Nc6 34. Qh2 Re1+ 35. Bf1 Qg8 36. Qxc7+ Ne7 37. Qxa7 Qe6 38. Qa6
$16) 34. Bxf5 $1 {Black is still playing without his stranded knight so White
enjoys a superiority in the number of forces in action.} Nc6 (34... Qxf5 35.
Qxc7+ Kf6 (35... Kg8 36. Qh7+ Kf8 37. Qh8+ Ke7 38. Re3+ $18) 36. Rf3 $18) 35.
Bd3 Re6 (35... Rh8 36. Rxh8 Kxh8 37. Bxg6 $18) 36. Qh4 Qg8 37. Bc4 $1 {The
final combination belongs to the pleasures of successful chess, Svidler can
toy with attacking motifs.} (37. Qh6+ Kf6 38. Bc4 Re1+ 39. Kh2 Qxc4 40. Qf8+
Ke6 41. Qg8+ Kd6 42. Qxc4 $18) 37... Re1+ 38. Kh2 Qxc4 39. Qh8+ Kf7 40. Rh7+ (
40. Rh7+ Ke6 41. Qe8+ $18 (41. Qg8+ $18)) 1-0

[Event "Interpolis-03"]
[Site "Tilburg"]
[Date "1979.11.03"]
[Round "3"]
[White "Kavalek, Lubomir"]
[Black "Smyslov, Vassily V"]
[Result "1/2-1/2"]
[WhiteElo "2590"]
[BlackElo "2560"]
[Annotator "Ftacnik,L"]
[PlyCount "57"]
[EventDate "1979.11.01"]
[EventType "tourn"]
[EventRounds "11"]
[EventCountry "NED"]
[EventCategory "15"]
[SourceTitle "MCL"]
[Source "ChessBase"]
[SourceDate "1999.07.01"]
[SourceVersion "1"]
[SourceVersionDate "1999.07.01"]
[SourceQuality "1"]

1. e4 e5 2. Nf3 Nf6 3. Nxe5 d6 4. Nf3 (4. Nc4) (4. Nxf7 $5 Kxf7 5. d4 $1) 4...
Nxe4 5. d4 Be7 6. Bd3 Nf6 7. h3 O-O 8. O-O Nc6 9. c3 (9. Be3 Nb4 10. Nc3 d5 11.
a3 Nxd3 $10 {Loewental - Barnes/London/1862}) (9. a3 d5 10. Re1 (10. Nc3 a6 11.
Ne2 {Andersen-Pischel/Vienna/1873} h6 $10 {Forintos, Haag}) 10... h6 11. c4
dxc4 (11... Be6 $5 12. c5 Ne4 {Forintos, Haag}) 12. Bxc4 Bd6 13. Nc3 (13. Qd3
Qd7 $5 {/\Qf5}) 13... Bf5 $10 {Joner-Salve/Karlsbad/1911}) 9... Re8 10. Bf4 (
10. Qc2 h6 11. Nbd2 Bf8 12. Nc4 Nd5 13. Ne3 (13. a4 Qf6 $132) 13... Nf4 $10 {
Rumin-Gogligze/Moscow/1935}) (10. Re1 Bd7 11. Nbd2 (11. Na3 h6 12. Nc4 Bf8 13.
Ne3 {Matulovic-Toth/Budapest m/1972} Qc8 $14 {Forintos, Haag}) (11. Bf4 h6 (
11... Bf8 $5 {Forintos, Haag}) (11... Nh5 12. Bh2 g6 13. Nbd2 Bf8 14. Rxe8 Qxe8
15. Qb3 $16 {Kaminski-Schulz/DDR ch/1989}) 12. Nbd2 Bf8 13. Qc2 Rxe1+ 14. Rxe1
$14 {I.Polgar-Toth/Kecskemet/1972}) 11... Bf8 12. Ne4 $5 d5 13. Ng3 Bd6 14.
Rxe8+ Qxe8 15. Qc2 h6 16. Bd2 Qf8 17. Nf5 $14 {Bronstein-Smyslov/USSR ch/1971})
10... Nh5 11. Bh2 g6 12. Re1 Bf8 (12... Ng7 13. d5 $5) 13. Rxe8 Qxe8 14. Nbd2
Bg7 15. Qb3 $14 Nf6 16. Re1 Qd7 17. Ne4 Nxe4 18. Bxe4 Nd8 19. d5 b6 20. Bd3 a6
21. Qc4 Bb7 22. Nd4 b5 23. Qb3 c5 24. dxc6 Nxc6 25. Nxc6 Qxc6 26. Bf1 d5 27.
Qb4 Rd8 28. Be5 Qe6 29. Bc7 1/2-1/2

[Event "ISR-chT"]
[Site "Israel"]
[Date "2005.05.06"]
[Round "9"]
[White "Gelfand, Boris"]
[Black "Erenburg, Sergey"]
[Result "1-0"]
[WhiteElo "2696"]
[BlackElo "2551"]
[Annotator "Gelfand,B"]
[PlyCount "67"]
[EventDate "2005.01.08"]
[EventType "team"]
[EventRounds "11"]
[EventCountry "ISR"]
[SourceTitle "CBM 107"]
[Source "ChessBase"]
[SourceDate "2005.08.01"]
[SourceVersion "1"]
[SourceVersionDate "2005.08.01"]
[SourceQuality "1"]

1. e4 e5 2. Nf3 Nf6 3. Nxe5 d6 4. Nf3 Nxe4 5. Nc3 Nxc3 6. dxc3 Be7 7. Bf4 Nc6
8. Qd2 Bg4 9. Be2 Qd7 10. O-O-O a6 11. h3 Be6 12. Ng5 Bxg5 13. Bxg5 f6 14. Be3
(14. Bh5+ $2 g6 15. Bxf6 Rf8) 14... O-O-O 15. Rhe1 $1 $146 (15. b3 Rhe8 16.
Rhe1 Kb8 17. f4 Re7 18. Bf3 Rde8 19. Re2 Bf5 20. Rde1 Kc8 21. Bf2 Rxe2 22. Rxe2
Rxe2 23. Qxe2 Qe6 24. Qxe6+ Bxe6 25. Kd2 Kd7 {0-1 Lanin,A-Skatchkov,P/St.
Petersburg Chigorin mem 2004 (87)}) (15. g4 Rhe8 16. b3 Bf7 17. Rhe1 Bg6 18. f4
(18. f3 $5) (18. c4 d5 $3 19. cxd5 Qe7 20. Kb2 (20. c4 Nb4 21. Rf1 (21. g5 Nc2
22. Bg4+ f5 23. Kxc2 fxg4+ 24. Kb2 gxh3 $132) 21... Nc2 $11) 20... Nb4 21. d6
Qe5+ 22. c3 Rxd6 23. Bd4 Rxd4 $1 24. cxd4 Qa5 25. a3 Nd3+ $11) 18... Be4 19. c4
Qe7 $1 {/\d5} 20. Bd4 {1/2-1/2 Svidler,P-Gelfand,B/Dagomys RUS-TCh 2005 (20)})
15... Rhe8 16. c4 Qf7 (16... Ne7 17. Qb4) 17. Qc3 Bf5 (17... d5 18. cxd5 Bxd5
19. Bf1 $14) 18. a3 $1 (18. b4 d5 $5 19. cxd5 Rxd5 20. Bc4 Rxd1+ 21. Rxd1 Qe7
22. Bc5 Qe5 $11) 18... Be4 (18... h5 19. b4) 19. Bf1 (19. f3 Bg6 20. Bf1 Re7
$14) 19... Nb8 $6 (19... Ne7 20. f3 Bg6 21. b4 $14) 20. b4 b6 21. Kb2 Qg6 22.
f3 Bc6 (22... Bb7 23. a4) 23. a4 $1 Re5 (23... Bxa4 24. b5 Nd7 25. Ra1 Rxe3 (
25... Nc5 26. g4 $1 $16 (26. Bxc5 $6 Rxe1 27. Bd3 Qg3 28. Qxe1 Qxe1 29. Rxe1
dxc5 $14)) 26. Rxe3 Nc5 27. Qd2 $16) 24. Bd4 $2 (24. b5 Bb7 25. a5 $1 bxa5 26.
c5 $1 (26. Ra1 Rde8 27. Rxa5 $14) 26... axb5 (26... dxc5 27. Rxd8+ Kxd8 28.
Rd1+ Kc8 29. Bf4 $18) 27. cxd6 Nc6 28. dxc7 Rxd1 (28... Rdd5 29. Bf4) 29. Rxd1
Kxc7 30. Bf4 $18) 24... Rxe1 25. Rxe1 Re8 26. Ra1 Bb7 27. c5 (27. a5 bxa5 28.
b5 c5 29. Bf2 Qg5 $14) 27... bxc5 28. bxc5 dxc5 (28... d5 $2 29. Bd3 $18) 29.
Bxc5 (29. Qxc5 Nd7 30. Qc3 Ne5 $14) 29... Qg5 $2 (29... Nc6 $14) 30. Bd6 Nc6 $2
(30... Bc6 31. Bh2 (31. Bxa6+ Kd7 32. Bh2 Nxa6 33. Rd1+ Bd5 (33... Ke7 34. Qxc6
Rb8+ 35. Ka3 Qe3+ 36. c3 Qe2 37. Qe4+ Qxe4 38. fxe4 $16) 34. Qa5 (34. h4 Rb8+
35. Ka3 Qxh4 36. Rxd5+ Kc8 $13) 34... Rb8+ 35. Ka1 Qe3 36. Qxd5+ Ke7 37. Qd3
$14) 31... Qe3 32. Bd3 $16 (32. Qxe3 Rxe3 33. Bd3 $14)) 31. Bxa6 Qd5 32. Rd1 $1
Qxd1 33. Qxc6 Qd4+ (33... Qxd6 34. Qxe8+) 34. Ka2 1-0

[Event "Corus"]
[Site "Wijk aan Zee"]
[Date "2002.01.24"]
[Round "10"]
[White "Grischuk, Alexander"]
[Black "Gelfand, Boris"]
[Result "1/2-1/2"]
[WhiteElo "2671"]
[BlackElo "2703"]
[Annotator "Gelfand,B"]
[PlyCount "57"]
[EventDate "2002.01.12"]
[EventType "tourn"]
[EventRounds "13"]
[EventCountry "NED"]
[EventCategory "18"]
[SourceTitle "CBM 087"]
[Source "ChessBase"]
[SourceDate "2002.03.21"]
[SourceVersion "1"]
[SourceVersionDate "2002.03.21"]
[SourceQuality "1"]

1. e4 {[%mdl 1] RR} e5 2. Nf3 Nf6 3. Nxe5 d6 4. Nf3 Nxe4 5. d4 d5 6. Bd3 Bd6 7.
O-O O-O 8. c4 c6 9. Qc2 Na6 10. a3 f5 11. Nc3 Nc7 12. Re1 {Ftacnik: 'Grischuk
is in no hurry to close the center and believes, that the pressure against the
d5 square can bring him some advantage. '} Kh8 13. b4 Bd7 14. Bb2 Ne6 $1 $146 {
'!?' Ftacnik.} (14... Be8 15. c5 Be7 16. Ne5 Bh4 17. Rf1 Bg5 18. Ne2 Bh5 19.
Ng3 Bg6 20. Rfe1 Bf4 21. Bc1 Bxe5 22. dxe5 Qh4 23. Bb2 Ne6 24. Rad1 f4 {
Gufeld,E-Kochiev,A,USSR,1980}) 15. cxd5 (15. Ne2 N6g5 $1 16. Ne5 Bxe5 17. dxe5
f4 $40 18. Nd4 (18. f3 Nxf3+ 19. gxf3 Qg5+ 20. Ng3 fxg3 21. fxe4 Rf2) 18... f3
19. h4 Nh3+ 20. gxh3 Qxh4 $19) 15... cxd5 16. Nxd5 Rc8 $1 17. Qd1 {Ftacnik:
'Gelfand's pawn sacrifice has suddenly revealed how actively are all black
pieces cooperating.'} (17. Qb3 N6g5) (17. Nc3 Nf4) (17. Qe2 Bc6) 17... N6g5 $1
(17... Bc6 18. Ne3 Nf4 19. d5 $1 $16) 18. Ne5 (18. Ne3 Nxf3+ (18... Ba4 19. Qe2
Nc3 20. Bxc3 Nxf3+ 21. Qxf3 Rxc3 22. Qe2 $16) 19. Qxf3 Qh4 $1 (19... Ng5 20.
Qh5 f4 (20... Be8 21. Qd1 f4 22. Nf5 Bg6 23. Nxd6 Qxd6 24. d5 f3 $140 25. h4
fxg2 26. hxg5 Qf4 27. f3 Qh4 28. Bxg6 hxg6 29. Be5) 21. Nc4 $16 (21. Ng4 Bf5))
20. g3 Qh6 {/\Ng5,f4} 21. Qg2 (21. Bxe4 fxe4 22. Qg2 Rf3 $17) 21... Nxf2 22.
Qxf2 f4 23. gxf4 Rxf4 24. Qg2 Rcf8 $17) 18... Nh3+ $3 {Diagram [#] '!' Ftacnik.
} (18... Bc6 19. Nf4 $16) 19. gxh3 Qg5+ 20. Kf1 (20. Ng4 Nxf2 $1 $19) 20...
Bxe5 (20... Bc6 21. Nxc6 Qh4 22. Re2 Qxh3+ 23. Ke1 $16) (20... Ba4 21. Qxa4 Qh4
22. Re2) (20... Qh4 21. Re2 (21. Qe2 Bxe5 22. dxe5 Bc6 23. Bc4 (23. Bxe4 fxe4)
23... Qxh3+ (23... Nd2+ 24. Qxd2 Qxc4+ 25. Kg1 Bxd5 26. Rac1 $16) 24. Kg1 Nd2
$1 25. Qxd2 Qg4+ 26. Kh1 (26. Kf1 Qxc4+ 27. Re2 Bxd5 28. Rc1 Qb5 29. Rxc8 Rxc8
30. Kg1 $15) 26... Qxc4 $15) 21... Qxh3+ 22. Kg1 (22. Ke1 Bxe5 23. dxe5 Qxh2
24. Ne3 Qh1+ 25. Nf1 Ng5 26. Rc2 Rcd8 $1 $40 (26... Nf3+ 27. Ke2 Rxc2+ 28. Bxc2
) 27. Qe2 Nf3+ 28. Kd1 Bb5 $19) 22... Bxe5 23. dxe5 Qg4+ (23... Ng5 24. Re3)
24. Kf1 Qh3+ (24... Ba4 25. Qxa4 Nc5 26. bxc5 (26. Qd1 Qh3+ 27. Kg1 $11) 26...
Qxa4 27. e6 $36) 25. Kg1 $11) 21. dxe5 Bc6 $5 {'!' Ftacnik. Ftacnik: 'This
exact move is crowning the original attacking combination, white has to play
with extreme caution.'} (21... Nd2+ 22. Ke2 Be8 23. Ne3 Bh5+ 24. Kxd2 Bxd1 25.
Raxd1 Rfd8 (25... f4 26. Nc4 f3+ 27. Re3 Qh4 28. Ke1 Rxc4 29. Bxc4 Qxc4 30. e6)
26. Rg1 Qh6 27. Ke1 $16) (21... Be6 $5 22. Ne3 (22. Rxe4 fxe4 23. Bxe4 Bxh3+ (
23... Rcd8 $5) 24. Ke2 Qh4 25. f3 Bf5 $1 (25... Be6 $5) 26. Bxf5 Rxf5 27. Rc1
Qxh2+ 28. Kd3 Rcf8 $15 (28... Rd8 29. Ke4) 29. Bd4 Rxf3+) (22. Bc1 $2 Qh4 23.
Bxe4 fxe4 24. Nf4 Rxc1 25. Qxc1 Rxf4 $19) (22. f4 Qh4 23. Bxe4 fxe4 24. Kg1
Rcd8 (24... Bxd5 25. Qg4 (25. Qxd5 Rc2) 25... Qxg4+ (25... Qh6 26. Bd4 Rc6 27.
f5 Rxf5 28. Qxf5 Rg6+ 29. Kf1) 26. hxg4 Rxf4 27. h3 $11) 25. Bc1 Rxd5 26. Qe2
Qxh3 $15) 22... Qf4 $1 (22... Qh4 $2 23. Qe2 (23. Re2 Qxh3+ 24. Kg1 Rfd8 25.
Rc2 Ng5 26. Rxc8 Bxc8 27. Be4 Rxd1+ 28. Rxd1 Be6) 23... Qxh3+ 24. Kg1 Ng5 25.
f4 $18) 23. Re2 Qxh2 24. Ke1 Qh1+ (24... Rfd8 $6 25. Nf1 Qg1 26. Rc1 $1 (26. h4
Rd7) 26... Rxc1 27. Bxc1 Nc3 (27... Bc4 28. Rc2) 28. Qc2 Nxe2 29. Bxe2 $14) (
24... Rcd8 25. Nf1 Qg1 (25... Qh1 26. Re3) 26. h4 $13 Rd7 (26... g5 27. Qc2 Rc8
28. Qb1 gxh4 29. Bxe4 fxe4 30. Qxe4 h3 31. f3 $13) 27. Qc2 Rfd8 28. Rd1) 25.
Nf1 Ng5 26. Rc2 Rcd8 (26... Nf3+ 27. Ke2 Rcd8 28. Nd2 $18) 27. f4 Nf3+ (27...
Qxh3 $5 28. fxg5 Rxd3 29. Qe2 Rfd8 $44) 28. Kf2 Bd5 29. Kg3 $1 Ne1 $1 30. Qxe1
Qf3+ 31. Kh2 Qh1+ $11) (21... Rcd8 {Olpiner,Z.} 22. Bc1 $1 (22. Re3 Be6 (22...
f4 23. Rf3 Ba4 24. Qe2 $18) (22... Bc6 23. Bxe4 (23. f4 Qh6) 23... fxe4 24. Qg4
) 23. Nc3 Qh4 24. Qe2 Ng5 25. f4 Qxf4+ 26. Kg1 $13) (22. f4 Qh4) 22... Qh4 (
22... f4 23. Qf3) 23. Qf3 Bc6 24. Bxe4 fxe4 25. Qg3 (25. Rxe4 $16) 25... Qxg3
26. hxg3 Rxd5 $16) 22. Bc1 $1 (22. f4 Qh6 23. Bxe4 fxe4 24. Kg1 Rcd8 25. Qg4
Rxd5 26. Bc1 Rd3 $15) (22. Ne3 Rcd8 23. Qc2 Rxd3 24. Qxd3 Qf4 25. Nd1 Nd2+ 26.
Kg1 Nf3+ 27. Kf1 Qxh2 28. Ke2 Qxh3 $40) 22... Qh4 23. Bxe4 fxe4 24. Be3 (24.
Ra2 e3 $1 (24... Qxh3+ 25. Kg1 Rcd8 26. Rd2 $11) 25. Rxe3 Qc4+ $17) (24. Nf4
Rxf4 25. Bxf4 Qxh3+ 26. Kg1 e3 $19) 24... Qxh3+ (24... Rcd8 $2 25. Qg4) (24...
Rf3 25. b5 $1 Bxb5+ 26. Kg1 Rxh3 (26... Rd8 27. e6 Rxh3 28. e7 Re8 29. Bf4 Rd3
30. Bg3 Qg5 31. Nc7) 27. Bf4 Rd3 28. Bg3 Qd8 29. Qg4 Rxd5 30. Rxe4 $13) 25. Kg1
Bxd5 (25... Rcd8 26. Nf4 Qh4 27. Ng2) 26. Qxd5 Qg4+ (26... Rc6 $2 27. Bf4 $18 (
27. Qxe4 Rg6+ 28. Kh1 Rf5 29. Bf4 Rxf4 30. Rad1 $16)) 27. Kf1 Qh3+ (27... Qf3
28. Kg1 (28. e6 Rc2 29. Kg1)) 28. Kg1 Qg4+ 29. Kf1 1/2-1/2

[Event "Candidates FIDE m1"]
[Site "Wijk aan Zee"]
[Date "1994.??.??"]
[Round "4"]
[White "Gelfand, Boris"]
[Black "Adams, Michael"]
[Result "1-0"]
[WhiteElo "2685"]
[BlackElo "2660"]
[Annotator "Gelfand,B"]
[PlyCount "99"]
[EventDate "1994.01.16"]
[EventType "match"]
[EventRounds "8"]
[EventCountry "NED"]
[SourceTitle "CBM 039"]
[Source "ChessBase"]
[SourceDate "1994.04.01"]
[SourceVersion "1"]
[SourceVersionDate "1994.04.01"]
[SourceQuality "1"]

1. d4 {Hansen,LB} d5 2. c4 dxc4 3. e3 e5 4. Bxc4 exd4 5. exd4 Nf6 6. Nf3 Be7 7.
O-O O-O 8. h3 Nc6 {!? Hansen,LB} (8... Nbd7 $5) 9. Nc3 Na5 10. Bd3 Be6 11. Re1
Nc6 12. a3 Qd6 $146 {!? Hansen,LB} (12... a6) (12... Re8 {Hansen,LB}) 13. Be3
Nd5 14. Qc2 Kh8 {! Hansen,LB} (14... h6 15. Rad1 $14) 15. Rad1 (15. Ne4 $5 Qd7
(15... Qd8 16. Ng3 $14) 16. Neg5 (16. Ng3 f5 $132) 16... Bxg5 (16... f5 17.
Nxe6 Qxe6 18. Bg5 $14) 17. Nxg5 h6 18. Nxe6 fxe6 $14) 15... f5 $2 {x e5,e6, /
^a2-g8} (15... Nxc3 16. bxc3 Qxa3 17. Bxh7 $1 (17. Rb1 Qd6 18. Rxb7 Rab8 $14) (
17. Rb1 $44 {Hansen,LB}) 17... Bb3 (17... g6 18. d5 $1 (18. Bxg6 $2 Bb3) 18...
Bf5 (18... Bxd5 19. Rxd5 Kxh7 20. Bc1 Qa6 21. Qd2 $18) 19. Qd2 Kxh7 (19... Na5
20. Bc5 $3 Qxc5 21. Qh6 $18) 20. dxc6 bxc6 21. Nd4 $16) (17... Qb3 18. Rb1 $1
Qxc2 19. Bxc2 $16) (17... Qa2 18. Qxa2 Bxa2 19. Be4 $16) 18. Qf5 g6 19. Qf4 $1
Kxh7 20. Qh6+ Kg8 21. Bg5 (21. Ng5 $2 Bxg5 22. Bxg5 Qd6 23. Re4 Bxd1 24. Rh4
Bh5 25. g4 Rae8 $1 26. gxh5 Re1+ 27. Kg2 Qd5+ $19) 21... Bxd1 (21... f6 22.
Qxg6+ Kh8 23. Re4 $1 fxg5 24. Qh6+ Kg8 25. Nxg5 Rf7 26. Nxf7 Kxf7 27. Qh5+ $1
$18) 22. Rxe7 $1 (22. Bxe7 $5 Qxe7 23. Ng5 $1 (23. Rxe7 Bxf3 $1 24. Rxc7 Bd5
$13) 23... Qxg5 (23... Qxe1+ $2 24. Kh2 $18) 24. Qxg5 Bc2 25. d5 $1 $36) 22...
Qd6 $8 23. Rd7 $1 (23. Re4 $2 Bxf3 24. gxf3 f5 $1 25. Rh4 Kf7 $19) 23... Qe6 $8
24. d5 Qf5 25. Nh4 $1 Qe5 26. dxc6 (26. Nxg6 $5 Qg7 27. Nxf8 Ne5 28. Re7 Rxf8
29. Qxg7+ Kxg7 30. Rxe5 $14) 26... Bc2 27. Nf3 $1 Qxc3 28. Qh4 $1 Qh8 $8 29.
Qxh8+ Kxh8 30. Bf6+ Kg8 (30... Kh7 31. Ng5+ $18) 31. Rd4 g5 32. Nxg5 $18) (
15... Rad8 {Hansen,LB}) 16. Bc1 Rad8 {?! Hansen,LB} (16... a6 $142 $14 {
Hansen,LB}) 17. Re2 $1 Bf6 18. Rde1 Bc8 (18... Bg8 $2 19. Nb5 $18) 19. Bc4 $1 (
19. Nb5 $6 Qd7) 19... Nxc3 (19... Nb6 $2 20. Nb5 Qd7 21. Be6 $18) (19... Nf4
20. Bxf4 Qxf4 21. Nd5 Qd6 22. Nxf6 Qxf6 23. d5 $16) 20. bxc3 $16 h6 21. a4 $6 (
21. h4 $142 $40) 21... b6 22. h4 $1 (22. Qa2 $6 Na5 23. Ba3 c5) 22... Na5 23.
Ba2 c5 24. Ng5 $1 Ba6 $6 (24... cxd4 $2 25. Nf7+ Rxf7 26. Bxf7 d3 27. Re8+ Kh7
28. h5 $18) (24... hxg5 $2 25. hxg5 cxd4 26. Qd3 $1 $18) (24... c4 25. Ne6 Bxe6
26. Rxe6 $16) (24... Qc7 $142 $1 25. dxc5 $1 (25. d5 c4 $1 26. Ne6 Bxe6 27.
dxe6 Rd3 $132) 25... bxc5 26. Ne6 Bxe6 27. Bxe6 Bxh4 (27... f4 28. h5 $16) 28.
Bxf5 $16) 25. Re6 Qd7 26. Qxf5 $1 {!! Hansen,LB} Bxg5 (26... hxg5 27. hxg5 $18)
27. Qg6 $1 $18 {/\ Bb1} Qf7 (27... Rf6 28. Re8+ Rf8 29. Bb1 $18) 28. Qxf7 Rxf7
29. hxg5 cxd4 30. cxd4 (30. gxh6 $5) (30. g6 $5 Rff8 31. Bxh6 $1 gxh6 32. Re7
$18) 30... Bc4 31. Re8+ (31. Bxc4 Nxc4 32. gxh6 $18) 31... Rxe8 32. Rxe8+ Kh7
33. Bb1+ g6 34. gxh6 Nc6 35. Be3 Re7 36. Rc8 Bd5 37. Bd3 Nb4 38. Be2 Be6 39.
Rd8 Nd5 40. Bg5 Rd7 41. Re8 Bf7 42. Rb8 Be6 43. Bf3 Rf7 44. Rd8 Rf5 45. Bd2 Nf6
46. Ra8 g5 47. Rxa7+ Kxh6 48. Ra6 Nd7 49. a5 Rb5 50. axb6 1-0

[Event "FIDE-Wch k.o."]
[Site "Moscow"]
[Date "2001.11.29"]
[Round "2.1"]
[White "Dominguez Perez, Leinier"]
[Black "Gelfand, Boris"]
[Result "1/2-1/2"]
[WhiteElo "2596"]
[BlackElo "2701"]
[Annotator "Gelfand,B"]
[PlyCount "127"]
[EventDate "2001.11.27"]
[EventType "k.o."]
[EventRounds "7"]
[EventCountry "RUS"]
[SourceTitle "CBM 086"]
[Source "ChessBase"]
[SourceDate "2002.02.05"]
[SourceVersion "1"]
[SourceVersionDate "2002.02.05"]
[SourceQuality "1"]

1. e4 e5 2. Nf3 Nf6 3. Nxe5 d6 4. Nf3 Nxe4 5. d4 d5 6. Bd3 Be7 7. O-O Nc6 8. c4
Nb4 9. Be2 O-O 10. a3 Nc6 11. cxd5 Qxd5 12. Nc3 Nxc3 13. bxc3 Bf5 14. c4 Qd6
15. d5 Ne5 16. Nd4 Bd7 17. a4 Qg6 (17... c5 {-82/290}) 18. Bf4 $1 (18. Kh1 Bc5
19. Bb2 Rfe8 {Bologan}) (18. f4 Bh3 19. Bf3 Nxf3+ 20. Qxf3 Bc5 21. Be3 Bd7 22.
Nf5 Bxf5 23. Bxc5 Rfe8 $15 {Bologan}) 18... Bf6 19. Ra3 $5 (19. Rb1 b6 20. Re1
Rae8 21. Nb5 $14 {Bologan}) 19... Qe4 (19... Rfe8 20. Re3 $14) 20. Be3 Rfe8 (
20... Ng4 21. Bxg4 Bxg4 22. f3 (22. Qb1 $14) 22... Qe7 23. d6 $1 Qxd6 24. c5
$18) 21. f3 Qg6 (21... Qh4 22. Bf2 Qh6 23. Nb5 $14) 22. Bf2 $6 (22. Nb5 $1 $14
Bh3 $140 23. Rf2 Bh4 24. g3) 22... Be7 $1 $15 23. Ra2 Bc5 24. Qb1 Qf6 25. Rd1
h5 26. Bf1 a6 (26... b6 27. Nb5 $5) 27. Kh1 $1 h4 28. h3 b6 29. a5 Ng6 30. axb6
cxb6 31. Nb3 Bxf2 32. Rxf2 a5 33. c5 $6 (33. Nd4 $11) 33... a4 34. Nd2 bxc5 35.
Ne4 Qf4 36. Nxc5 Qe3 (36... Bf5 $5 37. Qc1 Rec8 $15) 37. Rc2 Bf5 38. Bd3 Bxd3
39. Nxd3 Red8 40. Nc5 (40. Qa2 $15) 40... a3 41. Qc1 Qe5 42. Rcd2 $2 (42. Ra2
$15) 42... Nf4 43. Nd3 Qxd5 $2 $138 (43... Nxd3 44. Rxd3 a2 45. Qa1 (45. Ra3
Rxa3 46. Qxa3 Rxd5) 45... Qxa1 46. Rxa1 Rdb8 47. Rdd1 Rb2 48. d6 Kf8 49. Re1
Rd2 50. Kh2 Ra3 51. d7 Rxd7 52. Re2 $17) 44. Nb4 $1 (44. Nxf4 Qxd2 45. Rxd2
Rxd2 $19) 44... Qg5 45. Rxd8+ Rxd8 46. Rxd8+ Qxd8 47. Qxf4 Qd1+ 48. Kh2 Qb3 49.
Qd2 g6 50. Qd8+ Kg7 51. Qd4+ Kg8 52. Nd5 a2 53. Nf6+ Kf8 54. Qd8+ Kg7 55. Qd4
Qb8+ (55... Kf8) 56. f4 a1=Q 57. Nh5+ Kh6 58. Qxa1 Kxh5 59. Qf6 Kh6 60. Qxf7 (
60. Qxh4+ Kg7 $14) 60... Qd6 61. Kg1 Qd1+ 62. Kh2 Qd6 63. Kg1 Qd1+ 64. Kh2
1/2-1/2